<?xml version="1.0" encoding="UTF-8"?>
<record
    xmlns:xsi="http://www.w3.org/2001/XMLSchema-instance"
    xsi:schemaLocation="http://www.loc.gov/MARC21/slim http://www.loc.gov/standards/marcxml/schema/MARC21slim.xsd"
    xmlns="http://www.loc.gov/MARC21/slim">

  <leader>01344nam a2200241 i 4500</leader>
  <controlfield tag="001">156706</controlfield>
  <controlfield tag="003">ES-MaACL</controlfield>
  <controlfield tag="005">20251015063140.0</controlfield>
  <controlfield tag="008">991104m18831884fr           |||| | fre d</controlfield>
  <datafield tag="040" ind1=" " ind2=" ">
    <subfield code="a">EUS </subfield>
    <subfield code="b">spa </subfield>
    <subfield code="c">EUS</subfield>
  </datafield>
  <datafield tag="100" ind1="1" ind2=" ">
    <subfield code="a">La Fontaine, Jean de, </subfield>
    <subfield code="d">1621-1695</subfield>
    <subfield code="9">69147</subfield>
  </datafield>
  <datafield tag="245" ind1="1" ind2="0">
    <subfield code="a">Oeuvres de J. de la Fontaine </subfield>
    <subfield code="b">: tome premier [-tome troisi&#xE8;me].</subfield>
  </datafield>
  <datafield tag="250" ind1=" " ind2=" ">
    <subfield code="a">Nouvelle &#xE9;dition </subfield>
    <subfield code="b">revue... et augment&#xE9;e de variantes, de notices... par M. Henri Regnier.</subfield>
  </datafield>
  <datafield tag="260" ind1=" " ind2=" ">
    <subfield code="a">Paris : </subfield>
    <subfield code="b">Librairie Hachette et C\pie\s..., </subfield>
    <subfield code="c">1883-1884 (</subfield>
    <subfield code="f">Imprimerie A. Lahure)</subfield>
  </datafield>
  <datafield tag="300" ind1=" " ind2=" ">
    <subfield code="a">3 v. ([3] h., [7], CCXXIV, 471 p.; [3], [III], 524 p.; [3] h., 429 p.) ; </subfield>
    <subfield code="c">23 cm.</subfield>
  </datafield>
  <datafield tag="593" ind1=" " ind2=" ">
    <subfield code="a">Encabezamiento completado con: Enciclopedia universal ilustrada europeo-americana, t. XIX, p. 241.</subfield>
  </datafield>
  <datafield tag="595" ind1=" " ind2=" ">
    <subfield code="a">Datos de ed. preceden a menci&#xF3;n de parte.</subfield>
  </datafield>
  <datafield tag="596" ind1=" " ind2=" ">
    <subfield code="a">Colof&#xF3;n.</subfield>
  </datafield>
  <datafield tag="597" ind1=" " ind2=" ">
    <subfield code="a">Signaturizado.</subfield>
  </datafield>
  <datafield tag="597" ind1=" " ind2=" ">
    <subfield code="a">Antep.</subfield>
  </datafield>
  <datafield tag="852" ind1=" " ind2=" ">
    <subfield code="a">ES-MaACL</subfield>
    <subfield code="j">F-6832-6842 </subfield>
    <subfield code="z">-- Enc. hol. y t.IX enc. pasta espa&#xF1;ola </subfield>
    <subfield code="x">-- Edic.: 1883-1992 -- 11 v. -- T.I (1883), T.II (1884), T.III (1885), T.IV (1887) (III, 580 p.), T.V (1889) (628 p.), T.VI (1890) (374 p.), T.VII (1891) (628 p.), T.VIII (1892) (511 p.), T.IX (1892) (531 p.), T.X (1892) (CLXVII, 499 p.), T.XI (1892) (462 p.) -- Los t.X-XI son los 2 v. del "Lexique de la langue"</subfield>
  </datafield>
  <datafield tag="999" ind1=" " ind2=" ">
    <subfield code="c">156706</subfield>
    <subfield code="d">156706</subfield>
  </datafield>
  <datafield tag="952" ind1=" " ind2=" ">
    <subfield code="0">0</subfield>
    <subfield code="1">0</subfield>
    <subfield code="4">0</subfield>
    <subfield code="7">0</subfield>
    <subfield code="8">LIBXIX</subfield>
    <subfield code="a">ATENEOM</subfield>
    <subfield code="b">ATENEOM</subfield>
    <subfield code="c">DEPO2</subfield>
    <subfield code="d">2008-01-17</subfield>
    <subfield code="e">SSC</subfield>
    <subfield code="l">0</subfield>
    <subfield code="o">F-6832-6842</subfield>
    <subfield code="p">1163950</subfield>
    <subfield code="r">2023-02-23 00:00:00</subfield>
    <subfield code="w">2023-02-23</subfield>
    <subfield code="y">MONANT</subfield>
  </datafield>
</record>
